Statistiques concernant Films avec Edouard Baer par image

Cliquez ici pour prendre le quiz!

Statistiques générales

  • Ce quiz a été pris 42 fois
  • Le résultat moyen est 4 sur 16

Statistiques - réponses

Réponse% Correct
Astérix et Obélix : Mission Cléopâtre
100%
Turf
42%
La Lutte des classes
26%
Robots
26%
Les Brigades du Tigre
24%
Mademoiselle de Joncquières
24%
Double Zéro
21%
Adieu Paris
18%
Molière
18%
Raoul Taburin
16%
Le Bison (et sa voisine Dorine)
13%
Ouvert la nuit
13%
J'ai toujours rêvé d'être un gangster
11%
Mensonges et trahisons, et plus si affinités...
8%
Encore heureux
5%
La Bonne Epouse
5%

Distribution des résultats

Percentile par nombre de réponses

% des personnes avec chaque résultat

Votre développement - résultats

Vous n’avez pas pris ce quiz